Elementary differential equations / (Record no. 800)

MARC details
000 -LEADER
fixed length control field 01639nac a22003851i 4500
003 - CONTROL NUMBER IDENTIFIER
control field EG-ScBUE
005 - DATE AND TIME OF LATEST TRANSACTION
control field 20241009122204.0
008 - FIXED-LENGTH DATA ELEMENTS--GENERAL INFORMATION
fixed length control field 110718t2005 njua f b 001 0 eng d
020 ## - INTERNATIONAL STANDARD BOOK NUMBER
International Standard Book Number 0471644536
020 ## - INTERNATIONAL STANDARD BOOK NUMBER
International Standard Book Number 9780471644538
040 ## - CATALOGING SOURCE
Original cataloging agency EG-ScBUE
Language of cataloging eng
Description conventions rda
Transcribing agency EG-ScBUE
Modifying agency EG-ScBUE
082 04 - DEWEY DECIMAL CLASSIFICATION NUMBER
Classification number 515.35
Item number BOY
Edition number 22
100 1# - MAIN ENTRY--PERSONAL NAME
Personal name Boyce, William E.,
Relator term author.
9 (RLIN) 26324
245 10 - TITLE STATEMENT
Title Elementary differential equations /
Statement of responsibility, etc William E. Boyce, Edward P. Hamilton professor emeritus, Richard C. DiPrima, formerly Eliza Ricketts Foundation professor, Department of Mathematical Sciences, Rensselaer Polytechnic Institute.
250 ## - EDITION STATEMENT
Edition statement Eighth edition.
264 #1 - PUBLICATION, DISTRIBUTION, ETC. (IMPRINT)
Place of publication, distribution, etc Hoboken, NJ :
Name of publisher, distributor, etc John Wiley & Sons, Inc.,
Date of publication, distribution, etc [2005]
264 #4 - PUBLICATION, DISTRIBUTION, ETC. (IMPRINT)
Date of publication, distribution, etc c2005
300 ## - PHYSICAL DESCRIPTION
Extent xviii, 790 pages :
Other physical details color illustrations ;
Dimensions 27 cm +
Accompanying material 1 CD
336 ## - CONTENT TYPE
Source rdacontent
Content type term text
Content type code txt
336 ## - CONTENT TYPE
Source rdacontent
Content type term sounds
Content type code snd
337 ## - MEDIA TYPE
Media type term unmediated
Source rdamedia
Media type code n
337 ## - MEDIA TYPE
Media type term audio
Source rdamedia
Media type code s
338 ## - CARRIER TYPE
Carrier type term volume
Carrier type code nc
Source rdacarrier
338 ## - CARRIER TYPE
Carrier type term computer disc
Carrier type code cd
Source rdacarrier
504 ## - BIBLIOGRAPHY, ETC. NOTE
Bibliography, etc Includes bibliographical references and index.
650 #7 - SUBJECT ADDED ENTRY--TOPICAL TERM
Topical term or geographic name as entry element Differential equations.
9 (RLIN) 26325
Source of heading or term BUEsh
650 #7 - SUBJECT ADDED ENTRY--TOPICAL TERM
Topical term or geographic name as entry element Boundary value problems.
9 (RLIN) 26326
Source of heading or term BUEsh
651 ## - SUBJECT ADDED ENTRY--GEOGRAPHIC NAME
Source of heading or term BUEsh
655 ## - INDEX TERM--GENRE/FORM
Form subdivision Reading book
700 1# - ADDED ENTRY--PERSONAL NAME
Personal name DiPrima, Richard C.,
Relator term author.
9 (RLIN) 26327
856 42 - ELECTRONIC LOCATION AND ACCESS
Materials specified Contributor biographical information
Uniform Resource Identifier <a href="http://www.loc.gov/catdir/bios/wiley047/2003070545.html">http://www.loc.gov/catdir/bios/wiley047/2003070545.html</a>
856 42 - ELECTRONIC LOCATION AND ACCESS
Materials specified Publisher description
Uniform Resource Identifier <a href="http://www.loc.gov/catdir/description/wiley041/2003070545.html">http://www.loc.gov/catdir/description/wiley041/2003070545.html</a>
856 42 - ELECTRONIC LOCATION AND ACCESS
Materials specified Table of contents
Uniform Resource Identifier <a href="http://www.loc.gov/catdir/toc/wiley041/2003070545.html">http://www.loc.gov/catdir/toc/wiley041/2003070545.html</a>
942 ## - ADDED ENTRY ELEMENTS (KOHA)
Koha item type Book - Borrowing
Source of classification or shelving scheme Dewey Decimal Classification
Holdings
Withdrawn status Lost status Source of classification or shelving scheme Damaged status Not for loan Collection code Home library Current library Shelving location Date acquired Source of acquisition Cost, normal purchase price Total Checkouts Total Renewals Full call number Barcode Date last seen Date checked out Cost, replacement price Price effective from Koha item type
    Dewey Decimal Classification     Alahram Central Library Central Library First floor 30/07/2006 Purchase 224.00 4 9 515.35 BOY 000003767 15/07/2025 28/10/2015 280.00 30/07/2006 Book - Borrowing
    Dewey Decimal Classification     Alahram Central Library Central Library First floor 18/07/2011 Purchase 224.00 1 2 515.35 BOY 000002180 15/07/2025 22/02/2022 280.00 18/07/2011 Book - Borrowing
    Dewey Decimal Classification     Alahram Central Library Central Library First floor 18/07/2011 Purchase 224.00     515.35 BOY 000007447 24/08/2022   280.00 18/07/2011 CD | DVD - With book
    Dewey Decimal Classification     Alahram Central Library Central Library First floor 18/07/2011 Purchase 224.00     515.35 BOY 000023944 24/08/2022   280.00 18/07/2011 CD | DVD - With book (NB)